<?xml version="1.0" encoding="UTF-8"?>
<collection xmlns="http://www.loc.gov/MARC21/slim">
 <record>
  <leader>00569pamaa2200181   4500</leader>
  <controlfield tag="001">0000017377</controlfield>
  <controlfield tag="005">20140923090000.0</controlfield>
  <datafield tag="020" ind1="0" ind2="0">
   <subfield code="a">9838340367 </subfield>
  </datafield>
  <datafield tag="082" ind1=" " ind2=" ">
   <subfield code="a">959.5 NAZ 1993</subfield>
  </datafield>
  <datafield tag="090" ind1="0" ind2="0">
   <subfield code="a">DS595 </subfield>
   <subfield code="b">NAZ 1993</subfield>
  </datafield>
  <datafield tag="100" ind1="1" ind2="0">
   <subfield code="a">NAZARUDDIN M. JALI </subfield>
  </datafield>
  <datafield tag="245" ind1="1" ind2="0">
   <subfield code="a">Kenegaraan Malaysia 2  </subfield>
   <subfield code="c">Nazaruddin M. Jali dan Asnarulkhadi Abu Samah.</subfield>
  </datafield>
  <datafield tag="260" ind1="0" ind2="0">
   <subfield code="a">Kuala Lumpur: </subfield>
   <subfield code="b">Kumpulan Budiman, </subfield>
   <subfield code="c">1993.</subfield>
  </datafield>
  <datafield tag="300" ind1=" " ind2=" ">
   <subfield code="a">xv, 67p.: </subfield>
   <subfield code="b">22cm.</subfield>
  </datafield>
  <datafield tag="650" ind1="0" ind2="0">
   <subfield code="a">Malaysia -- </subfield>
   <subfield code="x">Politics and government </subfield>
  </datafield>
  <datafield tag="650" ind1="0" ind2="0">
   <subfield code="a">Malaysia -- </subfield>
   <subfield code="x">Social conditions </subfield>
  </datafield>
  <datafield tag="650" ind1="0" ind2="0">
   <subfield code="a">Malaysia -- </subfield>
   <subfield code="x">History </subfield>
  </datafield>
  <datafield tag="700" ind1="1" ind2="1">
   <subfield code="a">Asnarulkhadi Abu Samah </subfield>
  </datafield>
 </record>
</collection>
